000
00243nam a22000977a 4500
999
_c
11724
_d
11724
008
200110b ||||| |||| 00| 0 eng d
020
_a
9780021926022
100
_a
Justus Anne Julie
_9
7413
245
_a
The Lost Elephant
260
_a
USA
_b
Macmillan